000 02754cam a22004214a 4500
001 16011850
003 OSt
005 20150408114101.0
008 091202s2010 enkaf bf 001 0 eng
010 _a 2009049029
016 7 _a101520545
_2DNLM
020 _a9780199236107 (pbk. : alk. paper)
020 _a0199236100 (pbk. : alk. paper)
035 _a(OCoLC)ocn477050804
040 _aMa-Un
042 _apcc
050 0 0 _aR729.5.G4
_bO95 2010
082 0 0 _a616
_222
100 1 _aSimon, Chantal.
_917646
245 1 0 _aOxford handbook of general practice /
_cChantal Simon, Hazel Everitt, Françoise van Dorp ; guest author, Knut Schroeder.
250 _a3rd ed.
260 _aOxford ;
_aNew York :
_bOxford University Press,
_c2010.
300 _axxxiii, 1155 p., [6] p. of plates :
_bill. (some col.) ;
_c19 cm.
440 0 _aOxford handbooks
504 _aIncludes bibliographical references and index.
520 _a"The Oxford Handbook of General Practice has been a lifeline for busy GPs since the first edition published in 2002. Covering the whole of general practice, with hands-on advice from experienced practitioners, this essential handbook provides rapid access to information to help with any day-to-day problems which might arise in general practice. The new third edition takes into account the significant changes in primary care since publication of the second edition in 2005. Written in line with the new GP curriculum, the authors have provided new material on the GP contract, foundation level doctors in general practice, and training for general practice. All chapters have been completely revised and updated with input from a team of specialist reviewers and contributors. The chapter on child health has been radically updated and specific chapters have now been dedicated to pregnancy and contraception/sexual health. The handbook also includes quick reference practical management boxes for pediatric and elderly patients, a plate section of color images, and reference to online guidelines and resources"--Provided by publisher.
650 0 _aPhysicians (General practice)
_vHandbooks, manuals, etc.
_917647
650 0 _aPrimary care (Medicine)
_xPractice
_vHandbooks, manuals, etc.
_917648
650 0 _aFamily medicine
_xPractice
_vHandbooks, manuals, etc.
_917649
650 1 2 _aFamily Practice
_vHandbooks.
_917650
650 2 2 _aEvidence-Based Medicine
_vHandbooks.
_910216
650 2 2 _aPrimary Health Care
_vHandbooks.
_99876
700 1 _aEveritt, Hazel.
_917651
700 1 _aDorp, Francoise van.
_917652
700 1 _aSchroeder, Knut.
_917653
942 _2ddc
_cBOOK
999 _c26152
_d260652